Statistics for Guess the Taylor Swift song with no hints #14

Click here to take the quiz!

General Stats

  • This quiz has been taken 24,922 times
    (4,554 since last reset)
  • The average score is 217 of 346

Answer Stats

ANSWER% Correct
I
99%
a
98%
you
96%
The
95%
the
95%
me
90%
an
89%
we
88%
when
86%
When
86%
And
85%
and
85%
to
84%
do
83%
it
83%
your
83%
be
82%
on
82%
love
81%
in
80%
who
79%
is
78%
go
77%
my
77%
Then
77%
then
77%
she
75%
She
75%
she's
75%
they
74%
They
74%
like
72%
of
72%
you're
71%
can
70%
too
70%
what
70%
I'm
69%
her
68%
know
68%
have
67%
say
67%
All
65%
at
65%
but
65%
But
65%
How
65%
Are
64%
are
64%
this
64%
for
62%
It's
62%
it's
62%
want
61%
ones
60%
will
60%
Will
60%
time
58%
up
58%
had
57%
night
57%
nothing
57%
out
57%
did
56%
Girls
56%
new
56%
think
56%
with
56%
if
55%
looks
55%
still
55%
tell
55%
been
51%
feel
51%
everything
50%
From
50%
from
50%
can't
49%
fun
49%
middle
49%
young
49%
22
48%
down
48%
I'll
48%
way
48%
18
47%
about
47%
I've
47%
person
47%
much
46%
only
46%
cry
45%
dream
45%
long
44%
drink
43%
while
43%
got
42%
sky
42%
through
42%
wake
42%
actually
41%
tonight
41%
moving
40%
room
40%
sad
40%
eyes
39%
fly
39%
Once
39%
once
39%
red
39%
hunt
38%
lost
38%
sleep
37%
smiles
37%
17
36%
affection
36%
crying
36%
gonna
36%
meet
36%
myself
36%
slay
36%
become
35%
Criticize
35%
cute
35%
happy
35%
blame
34%
fever
34%
kind
34%
lights
34%
growing
33%
novelty
33%
she'll
33%
She'll
33%
soaring
33%
someone
33%
cheeks
32%
someday
32%
tired
32%
youth
32%
breaking
31%
faking
31%
Lord
31%
roll
31%
'til
31%
lose
30%
People
30%
radiance
30%
sigh
30%
else
28%
map
28%
miss
28%
they'll
28%
turning
28%
attention
26%
drive
25%
wonder
25%
biding
23%
ingénue
23%
Shoots
20%

Score Distribution

Percentile by Number Answered

Percent of People with Each Score

Your Score History

You have not taken this quiz since the last reset